[Event "Wuerttemberg-ch KT"]
[Site "Stuttgart"]
[Date "2017.09.01"]
[Round "7"]
[White "Guenther, Stefan"]
[Black "Kaplunov, Vadym"]
[Result "1-0"]
[WhiteElo "1897"]
[BlackElo "1941"]
[PlyCount "107"]
[EventDate "2017.08.26"]
[EventType "swiss"]
[EventRounds "7"]
[EventCountry "GER"]
[SourceTitle "EXT 2019"]
[Source "ChessBase"]
[SourceDate "2018.10.10"]
[SourceVersion "1"]
[SourceVersionDate "2018.10.10"]
[SourceQuality "1"]

1. d4 Nf6 2. c4 e6 3. Nf3 d5 4. g3 Nbd7 5. Bg2 b6 6. Qa4 Bd6 7. cxd5 exd5 8. Bg5 0-0 9. Nc3 h6 10. Bxf6 Nxf6 11. Ne5 Bb7 12. 0-0 Qe8 13. Nd3 c6 14. Rac1 a5 15. Qc2 Qd8 16. Na4 Re8 17. e3 Rc8 18. Qb3 Ba6 19. Rfd1 Bb5 20. Qc2 Ne4 21. Bh3 Rb8 22. Nc3 Ng5 23. Bg2 Ba6 24. h4 Ne6 25. Ne2 Rc8 26. Qd2 Qe7 27. Rc2 Rc7 28. Rdc1 Rec8 29. e4 dxe4 30. Bxe4 Nxd4 31. Bh7+ Kxh7 32. Nxd4 Qe4 33. Ne1 Bc5 34. Nef3 Rd8 35. Re1 Qg4 36. Rxc5 bxc5 37. Qc2+ Kg8 38. Qxc5 Bd3 39. Qe5 Rcd7 40. Nxc6 Qxf3 41. Nxd8 Rxd8 42. Qxa5 Ra8 43. Re3 Qb7 44. Qc3 Bg6 45. a3 Rc8 46. Qe1 Qxb2 47. Re8+ Rxe8 48. Qxe8+ Kh7 49. Qe3 Qb1+ 50. Kh2 Qc2 51. g4 Qd3 52. h5 Qxe3 53. hxg6+ fxg6 54. fxe3 1-0

[Event "Wuerttemberg-ch KT"]
[Site "Stuttgart"]
[Date "2017.08.26"]
[Round "1"]
[White "Mayer, Dietmar"]
[Black "Kaplunov, Vadym"]
[Result "0-1"]
[WhiteElo "1696"]
[BlackElo "1941"]
[PlyCount "30"]
[EventDate "2017.08.26"]
[EventType "swiss"]
[EventRounds "7"]
[EventCountry "GER"]
[SourceTitle "EXT 2019"]
[Source "ChessBase"]
[SourceDate "2018.10.10"]
[SourceVersion "1"]
[SourceVersionDate "2018.10.10"]
[SourceQuality "1"]

1. c4 d5 2. Nf3 d4 3. g3 g6 4. Bg2 Bg7 5. 0-0 c5 6. b4 d3 7. Nc3 dxe2 8. Qxe2 cxb4 9. Ne5 bxc3 10. Bd5 e6 11. Re1 Qc7 12. dxc3 Bxe5 13. Qxe5 Qxe5 14. Rxe5 Nc6 15. Re2 Nge7 0-1

[Event "Oeffingen op 8th"]
[Site "Fellbach/Oeffingen"]
[Date "2017.06.03"]
[Round "2"]
[White "Schnepp, Gunnar"]
[Black "Kaplunov, Vadym"]
[Result "1-0"]
[WhiteElo "2337"]
[BlackElo "1935"]
[PlyCount "33"]
[EventDate "2017.06.02"]
[EventType "swiss"]
[EventRounds "7"]
[EventCountry "GER"]
[SourceTitle "EXT 2024"]
[Source "ChessBase"]
[SourceDate "2023.10.10"]
[SourceVersion "1"]
[SourceVersionDate "2023.10.10"]
[SourceQuality "1"]

1. Nf3 Nf6 2. c4 e6 3. g3 d5 4. Bg2 c5 5. cxd5 exd5 6. d4 Nc6 7. 0-0 Be6 8. Nc3 a6 9. Bg5 c4 10. Ne5 Be7 11. Qa4 Rc8 12. Nxc6 Rxc6 13. Bxf6 Bxf6 14. e4 b5 15. Qc2 Bxd4 16. exd5 Bxc3 17. dxe6 1-0

[Event "Vellmar op-A 4th"]
[Site "Vellmar"]
[Date "2012.07.29"]
[Round "6"]
[White "Kaplunov, Vadym"]
[Black "Cherny, Andrey"]
[Result "0-1"]
[WhiteElo "1985"]
[BlackElo "2253"]
[PlyCount "48"]
[EventDate "2012.07.26"]
[EventType "swiss"]
[EventRounds "7"]
[EventCountry "GER"]
[SourceTitle "EXT 2014"]
[Source "ChessBase"]
[SourceDate "2013.11.20"]
[SourceVersion "1"]
[SourceVersionDate "2013.11.20"]
[SourceQuality "1"]

1. d4 d5 2. c4 e6 3. Nc3 Nf6 4. e3 dxc4 5. Bxc4 a6 6. Nf3 b5 7. Bd3 Bb7 8. a3 c5 9. 0-0 Nbd7 10. Qe2 Be7 11. Rd1 Qb6 12. b3 0-0 13. Bb2 Rac8 14. Rac1 Rfd8 15. Ne5 cxd4 16. exd4 Nf8 17. Ne4 Nd5 18. Rxc8 Rxc8 19. Qd2 f6 20. Nf3 Ng6 21. b4 Ndf4 22. Qe3 Bd5 23. Nc5 Nxg2 24. Qe2 N6f4 0-1

[Event "Oberliga Wuerttemberg 1011"]
[Site "Wuerttemberg"]
[Date "2011.04.17"]
[Round "9"]
[White "Kaplunov, Vadym"]
[Black "Thiele, Andreas"]
[Result "1/2-1/2"]
[WhiteElo "1946"]
[BlackElo "2050"]
[PlyCount "31"]
[EventDate "2010.09.26"]
[EventType "team-tourn"]
[EventRounds "9"]
[EventCountry "GER"]
[SourceTitle "EXT 2019"]
[Source "ChessBase"]
[SourceDate "2018.10.10"]
[SourceVersion "1"]
[SourceVersionDate "2018.10.10"]
[SourceQuality "1"]
[WhiteTeam "Stuttgart SF II"]
[BlackTeam "Boeblingen II"]
[WhiteTeamCountry "GER"]
[BlackTeamCountry "GER"]

1. d4 f5 2. g3 g6 3. Bg2 Nf6 4. Nh3 Bg7 5. Nc3 0-0 6. 0-0 d6 7. Bg5 c6 8. Qd2 Qc7 9. Rfe1 e5 10. dxe5 dxe5 11. Rad1 Be6 12. Bh6 Na6 13. Bxg7 Kxg7 14. Ng5 Bg8 15. e4 h6 16. Nf3 1/2-1/2

[Event "Stuttgart-chA int"]
[Site "Ditzingen"]
[Date "2009.05.22"]
[Round "4"]
[White "Koenig, Dirk"]
[Black "Kaplunov, Vadym"]
[Result "0-1"]
[WhiteElo "2108"]
[BlackElo "1953"]
[PlyCount "57"]
[EventDate "2009.05.21"]
[EventType "swiss"]
[EventRounds "7"]
[EventCountry "GER"]
[SourceTitle "EXT 2018"]
[Source "ChessBase"]
[SourceDate "2017.10.13"]
[SourceVersion "1"]
[SourceVersionDate "2017.10.13"]
[SourceQuality "1"]

1. e4 c5 2. f4 d6 3. Nf3 Nc6 4. Bc4 e6 5. 0-0 g6 6. Nc3 Bg7 7. d3 Nge7 8. Qe1 a6 9. a4 0-0 10. Kh1 Nb4 11. Bb3 Nec6 12. Be3 b6 13. Nd1 Na5 14. Qd2 Nxb3 15. cxb3 f5 16. Nf2 Bb7 17. a5 bxa5 18. Ng5 Re8 19. e5 dxe5 20. fxe5 Bxe5 21. Nf3 Bxf3 22. gxf3 Qd5 23. Kg2 Nc6 24. Rfc1 Bd4 25. Nd1 e5 26. Kf2 f4 27. Bxd4 Nxd4 28. Nc3 Qxf3+ 29. Kg1 0-1

[Event "Stuttgart-chA int"]
[Site "Ditzingen"]
[Date "2008.05.01"]
[Round "2"]
[White "Kaplunov, Vadym"]
[Black "Barthel, Ansgar"]
[Result "1/2-1/2"]
[WhiteElo "1967"]
[BlackElo "2258"]
[PlyCount "132"]
[EventDate "2008.05.01"]
[EventType "swiss"]
[EventRounds "7"]
[EventCountry "GER"]
[SourceTitle "EXT 2018"]
[Source "ChessBase"]
[SourceDate "2017.10.13"]
[SourceVersion "1"]
[SourceVersionDate "2017.10.13"]
[SourceQuality "1"]

1. d4 Nf6 2. c4 g6 3. Nc3 Bg7 4. e4 d6 5. Be2 0-0 6. Nf3 Na6 7. 0-0 e5 8. d5 Nc5 9. Qc2 a5 10. Nd2 Bh6 11. Nb3 Bxc1 12. Nxc5 dxc5 13. Raxc1 Ne8 14. f4 Qe7 15. Rf2 exf4 16. Rxf4 Qe5 17. Rcf1 Bd7 18. Bd3 Nd6 19. Qf2 b6 20. h4 Rae8 21. Nb1 Re7 22. b3 a4 23. Nd2 axb3 24. axb3 Ra8 25. Bb1 Ra1 26. Kh2 f6 27. g3 Ne8 28. Qe3 Qb2 29. R4f2 Qd4 30. Qxd4 cxd4 31. Re1 Bg4 32. Rf4 h5 33. Kg2 Kg7 34. Nf3 Bxf3+ 35. Kxf3 Nd6 36. Kf2 Nf7 37. Ke2 Ne5 38. Kd2 Ra3 39. Kc2 Ra8 40. Kb2 Rf8 41. Rd1 c5 42. dxc6 Nxc6 43. Bc2 Rd8 44. Rf3 Ne5 45. Rf4 d3 46. Bb1 Red7 47. Rd2 b5 48. Kc3 bxc4 49. bxc4 Rc7 50. Ba2 Rdc8 51. Bb3 Ra8 52. Rf1 Ra3 53. Kb4 Rca7 54. Rdf2 Nc6+ 55. Kc5 R7a6 56. Ra2 Rxa2 57. Bxa2 Ne5 58. Bb3 Rc6+ 59. Kb4 Rd6 60. Kc3 d2 61. Bc2 Ng4 62. Rd1 Ne3 63. Rxd2 Rxd2 64. Kxd2 Nxc4+ 65. Ke2 Kf8 66. Bb3 Ne5 1/2-1/2

[Event "Stuttgart-chA int"]
[Site "Gerlingen"]
[Date "2007.05.18"]
[Round "4"]
[White "Kunze, Holger"]
[Black "Kaplunov, Vadym"]
[Result "1-0"]
[WhiteElo "2221"]
[BlackElo "2021"]
[PlyCount "97"]
[EventDate "2007.05.17"]
[EventType "swiss"]
[EventRounds "7"]
[EventCountry "GER"]
[SourceTitle "EXT 2018"]
[Source "ChessBase"]
[SourceDate "2017.10.13"]
[SourceVersion "1"]
[SourceVersionDate "2017.10.13"]
[SourceQuality "1"]

1. c4 Nf6 2. g3 e6 3. Bg2 d5 4. Nf3 Bd6 5. 0-0 0-0 6. b3 c5 7. cxd5 exd5 8. d4 Nc6 9. Nc3 cxd4 10. Nb5 Bb8 11. Bb2 a6 12. Nbxd4 Re8 13. Rc1 Nxd4 14. Nxd4 Be5 15. Ba1 Bg4 16. Re1 Qd7 17. Nf3 Bxa1 18. Rxa1 Rac8 19. Nd4 Rc7 20. Rc1 Rec8 21. Rxc7 Qxc7 22. h3 Bd7 23. Qd3 g6 24. Rd1 Qa5 25. a4 Rc3 26. Qb1 Qc7 27. e3 a5 28. Qb2 Ne4 29. Qb1 Nf6 30. Ne2 Rc5 31. Nf4 Qe5 32. Nd3 Qc7 33. Nxc5 Qxc5 34. Qd3 Qb4 35. Rc1 Kg7 36. Qc3 Qa3 37. Ra1 Qd6 38. Rd1 Qe7 39. Qxa5 Bc6 40. Qc3 Kh6 41. a5 Ne4 42. Bxe4 Qxe4 43. Rd4 Qb1+ 44. Kh2 g5 45. b4 Qf1 46. Rh4+ Kg6 47. Rh6+ Kf5 48. Rf6+ Ke4 49. Qd4# 1-0

[Event "Stuttgart-chA int"]
[Site "Gerlingen"]
[Date "2007.05.17"]
[Round "2"]
[White "Kaplunov, Vadym"]
[Black "Toelg, Wolfgang"]
[Result "1-0"]
[WhiteElo "2021"]
[BlackElo "1847"]
[PlyCount "125"]
[EventDate "2007.05.17"]
[EventType "swiss"]
[EventRounds "7"]
[EventCountry "GER"]
[SourceTitle "EXT 2018"]
[Source "ChessBase"]
[SourceDate "2017.10.13"]
[SourceVersion "1"]
[SourceVersionDate "2017.10.13"]
[SourceQuality "1"]

1. c4 e5 2. g3 c6 3. d4 e4 4. Bg2 d5 5. Nc3 Nf6 6. f3 exf3 7. Nxf3 Bb4 8. cxd5 Nxd5 9. Bd2 Be6 10. 0-0 0-0 11. e4 Bxc3 12. bxc3 Nb6 13. Qc2 Nc4 14. Bf4 Nd7 15. h3 Nf6 16. Ng5 h6 17. Nxe6 fxe6 18. a4 Qe7 19. Qb3 Na5 20. Qc2 Nh5 21. c4 Nxf4 22. gxf4 Qd6 23. Qc3 b6 24. e5 Qd7 25. Rad1 Rad8 26. Rd2 Qe7 27. Kh2 Qh4 28. Rdf2 Rd7 29. Be4 g5 30. d5 Rdf7 31. Qg3 Qxg3+ 32. Kxg3 Nxc4 33. dxc6 gxf4+ 34. Rxf4 Nxe5 35. Rxf7 Nxf7 36. Rc1 Nd6 37. Bg2 Rc8 38. Rd1 Ne8 39. Rd7 Rc7 40. Be4 Kf8 41. Bg6 Rxc6 42. Rd8 Rc3+ 43. Kg2 Rc5 44. Rxe8+ Kg7 45. Bd3 Kf6 46. Rh8 Rg5+ 47. Kf3 Rh5 48. Kg4 Rg5+ 49. Kh4 Rd5 50. Rxh6+ Ke7 51. Rh7+ Kf6 52. Bb5 a5 53. Rd7 Rc5 54. Rd6 Kf5 55. Rxb6 e5 56. Bd7+ Kf4 57. Rc6 Rd5 58. Rc4+ Ke3 59. Bc6 Rd6 60. Re4+ Kf2 61. Rxe5 Rxc6 62. Rxa5 Kf3 63. Kg5 1-0

[Event "Staufer op 18th"]
[Site "Schwaebisch Gmuend"]
[Date "2006.01.03"]
[Round "3"]
[White "Kaplunov, Vadym"]
[Black "Tauber, Manfred"]
[Result "1/2-1/2"]
[WhiteElo "2046"]
[BlackElo "2277"]
[PlyCount "42"]
[EventDate "2006.01.02"]
[EventType "swiss"]
[EventRounds "9"]
[EventCountry "GER"]
[SourceTitle "EXT 2007"]
[Source "ChessBase"]
[SourceDate "2006.11.23"]
[SourceVersion "1"]
[SourceVersionDate "2006.11.23"]
[SourceQuality "1"]

1. c4 Nf6 2. Nc3 e6 3. e3 b6 4. Nf3 Bb7 5. g3 g6 6. Bg2 Bg7 7. 0-0 0-0 8. b3 Ne4 9. Bb2 Nxc3 10. Bxc3 Bxc3 11. dxc3 d6 12. Qe2 e5 13. Rfd1 Nd7 14. Nxe5 Bxg2 15. Nxd7 Qxd7 16. Kxg2 a5 17. a4 Rae8 18. Qf3 Re5 19. Rd4 Rfe8 20. Rad1 Kg7 21. h4 h5 1/2-1/2

[Event "Stuttgart-chA int"]
[Site "Ditzingen"]
[Date "2005.05.05"]
[Round "2"]
[White "Kaplunov, Vadym"]
[Black "Zikeli, Saskia"]
[Result "1-0"]
[WhiteElo "2063"]
[BlackElo "1935"]
[PlyCount "75"]
[EventDate "2005.05.05"]
[EventType "swiss"]
[EventRounds "7"]
[EventCountry "GER"]
[SourceTitle "EXT 2018"]
[Source "ChessBase"]
[SourceDate "2017.10.13"]
[SourceVersion "1"]
[SourceVersionDate "2017.10.13"]
[SourceQuality "1"]

1. c4 Nf6 2. g3 c6 3. Bg2 e5 4. Nc3 d6 5. d4 Nbd7 6. e3 Be7 7. Nge2 0-0 8. 0-0 Ne8 9. b4 f5 10. Qb3 Kh8 11. Bb2 e4 12. Rfd1 Nc7 13. Nf4 Nf6 14. d5 Nd7 15. c5 Ne5 16. dxc6 bxc6 17. cxd6 Bxd6 18. Nxe4 fxe4 19. Bxe5 Nd5 20. Bxd6 Qxd6 21. Bxe4 Be6 22. Nxe6 Qxe6 23. Bxd5 cxd5 24. Qxd5 Qf6 25. Qd2 Rab8 26. Rab1 Rb7 27. Qe2 Rbf7 28. Rd2 h6 29. Rc1 Rb7 30. a3 Rbf7 31. Kg2 Qe6 32. Qc4 Qe7 33. Rcc2 Qe5 34. Qd4 Qe7 35. Rc5 Rf6 36. e4 Rf3 37. a4 Qe8 38. Rc7 1-0

[Event "Stuttgart-chA"]
[Site "Stuttgart"]
[Date "2004.??.??"]
[Round "?"]
[White "Kaplunov, Vadym"]
[Black "Kuehn, Timo"]
[Result "1/2-1/2"]
[WhiteElo "2085"]
[BlackElo "1945"]
[PlyCount "40"]
[EventDate "2004.05.20"]
[EventType "swiss"]
[EventRounds "7"]
[EventCountry "GER"]
[SourceTitle "EXT 2007"]
[Source "ChessBase"]
[SourceDate "2006.11.23"]
[SourceVersion "1"]
[SourceVersionDate "2006.11.23"]
[SourceQuality "1"]

1. c4 f5 2. g3 Nf6 3. Bg2 g6 4. Nc3 c6 5. d4 Bg7 6. Nh3 0-0 7. 0-0 d6 8. Rb1 Qe8 9. d5 e5 10. dxc6 Nxc6 11. Nb5 Qe7 12. Qxd6 Qxd6 13. Nxd6 e4 14. Nxc8 Raxc8 15. Rd1 Rfd8 16. Be3 Ng4 17. Rxd8+ Rxd8 18. Bg5 Rc8 19. b3 h6 20. Bc1 Rd8 1/2-1/2

[Event "Stuttgart-chA"]
[Site "Stuttgart"]
[Date "2004.??.??"]
[Round "?"]
[White "Schuh, Dirk"]
[Black "Kaplunov, Vadym"]
[Result "1-0"]
[WhiteElo "2260"]
[BlackElo "2085"]
[PlyCount "109"]
[EventDate "2004.05.20"]
[EventType "swiss"]
[EventRounds "7"]
[EventCountry "GER"]
[SourceTitle "EXT 2007"]
[Source "ChessBase"]
[SourceDate "2006.11.23"]
[SourceVersion "1"]
[SourceVersionDate "2006.11.23"]
[SourceQuality "1"]

1. e4 c5 2. d3 g6 3. g3 Bg7 4. Bg2 Nc6 5. f4 d6 6. Nf3 e6 7. 0-0 Nge7 8. c3 0-0 9. Be3 b6 10. Bf2 Rb8 11. d4 Qc7 12. Na3 a6 13. Nc2 Rd8 14. Ne3 h6 15. d5 Na7 16. g4 b5 17. Bh4 Rf8 18. Qc2 f5 19. h3 Bb7 20. Rad1 Rbe8 21. dxe6 Bxe4 22. Qd2 Nac8 23. Bxe7 Qxe7 24. gxf5 gxf5 25. Nd5 Bxd5 26. Qxd5 Qxe6 27. Nh4 Kh7 28. Qxe6 Rxe6 29. Rfe1 Rfe8 30. Rxe6 Rxe6 31. Nxf5 Bf8 32. Kf2 Nb6 33. Ne3 Nc4 34. Nxc4 bxc4 35. Bd5 Rf6 36. Kf3 a5 37. Rg1 h5 38. Ke4 Bh6 39. f5 Bg7 40. Be6 Rf8 41. Kd5 Be5 42. Kxc4 Rb8 43. Rg2 h4 44. Kd5 Rb6 45. Bg8+ Kh8 46. Bf7 Bg3 47. f6 Kh7 48. Re2 Be5 49. Ke6 Rb7 50. Re4 Bg3 51. b3 Rb6 52. Rg4 d5+ 53. Kf5 Rb7 54. Bxd5 Rd7 55. c4 1-0